000 01193na a2200325 4500
001 14533
003 MIRAKIL
005 20181213154741.0
008 161129b tu 000 0
020 _a9786053992356
035 _a14533
040 _aMilas
_btur
_cTR-AnCHP
041 _atur
082 _a327.1
_bT96 2012
090 _a327.1 T96 2012
245 _aTürk dış politikası çalışmaları
_bCumhuriyet dönemi için ulusal rehber
_barşivler, resmi ve yarı resmi yayınları, özel yıllıklar, haber dergileri, anılar ve yaşamöyküleri
_cderleyen Engin Berber
246 _aCumhuriyet dönemi için ulusal rehber
250 _agnşl. 2 bs.
260 _aİstanbul
_bİstanbul Bilgi Üniversitesi Yayınları
_c2012
300 _a186 s.
_bfotg.
_c23 sm.
490 _aİstanbul Bilgi Üniversitesi yayınları
_v170
490 _aDün-bugün
_v16
504 _aKaynakça ve dizin var.
610 _aBaşbakanlık Osmanlı Arşivi
_xKataloglar
650 _aDış politika
_xBibliyografyalar
_zTürkiye
650 _aSiyaset ve yönetim
_xKaynaklar
_zTürkiye
651 _aTürkiye
_xDış politika
_yKaynaklar
_yTarih
700 _aBerber, Engin
942 _2ddc
_cBKS
999 _c285
_d285